Bilecik Bilecik Bilecik Bilecik Bilecik

Unutulmuş sınırlar : (Record no. 43725)

MARC details
000 -BAŞLIK
Sabit Uzunluktaki Kontrol Alanı 01427nam a22003857a 4500
001 - KONTROL NUMARASI
Control Dosyası 0043917
003 - KONTROL NUMARASI KİMLİĞİ
Kontrol Alanı KOHA_MİRAKIL
005 - EN SON İŞLEM TARİHİ ve ZAMANI
Kontrol Alanı 20260207003407.0
007 - FİZİKSEL TANIM SABİT ALAN - GENEL BİLGİ
Sabit uzunluklu kontrol alanı ta
008 - SABİT UZUNLUKTAKİ VERİ ÖGELERİ - GENEL BİLGİ
Sabit Alan 130730b2010 tu a|||gr||||#||||0|tur |
020 ## - ISBN - ULUSLARARASI STANDART KİTAP NUMARASI
Isbn 9789756614846
040 ## - KATALOGLAMA KAYNAĞI
Özgün Kataloglama Kurumu TR-BiSEU
Kataloglama Dili tur
Çeviri Kurumu TR-BiSEU
Açıklama Kuralları rda
041 0# - DİL KODU
Metin ya da ses kaydının dil kodu tur
044 ## - YAYINLAYAN/ÜRETEN KURULUŞUN ÜLKE KODU
ISO country code tu
050 ## - SINIFLAMA ve YER NUMARASI
Sınıflama Numarası DT197.5.S7
Yer Numarası H47 2010
100 1# - KİŞİ ADI
Yazar Adı (Kişi adı) Hess, Andrew C..
245 1# - ESER ADI BİLDİRİMİ
Başlık Unutulmuş sınırlar :
Alt Eseradı vb. 16. yüzyıl Akdeniz'inde Osmanlı İspanyol mücadelesi/
Sorumluluk Bildirimi Andrew C. Hess ; Andrew Hess, tercüme Özgür Kolçak.
264 #1 - ÜRERİM, YAYIN, DAĞITIM ve TELİF BİLDİRİMİ
Yayın yeri İstanbul :
Yayınlayan Küre Yayınları
Yayın tarihi 2010
300 ## - FİZİKSEL TANIMLAMA
Sayfa, Cilt vb. ix, 325 sayfa :
Diğer fiziki detaylar resimli ;
Boyutları 24 cm.
336 ## - İÇERİK TÜRÜ
Content type term metin
Content type code txt
Source rdacontent
337 ## - MEDYA TÜRÜ
Media type term aracısız
Media type code n
Source rdamedia
338 ## - TAŞIYICI TÜRÜ
Carrier type term cilt
Carrier type code nc
Source rdacarrier
490 1# - DİZİ BİLDİRİMİ
Dizi Bildirimi Küre Yayınları ;
Cilt Numarası 71.
490 1# - DİZİ BİLDİRİMİ
Dizi Bildirimi Deniz Tarihi Araştırmaları ;
Cilt Numarası 2
500 ## - GENEL NOT
Genel Not Özgün adı : The forgotten frontier : a history of the sixteenth century Ibero-African relations
500 ## - GENEL NOT
Genel Not Dizin var.
650 #0 - KONU BAŞLIĞI EK GİRİŞ - KONU TERİMİ
Konusal terim veya coğrafi ad Africa, North--Relations--Spain.
9 (RLIN) 81886
650 #0 - KONU BAŞLIĞI EK GİRİŞ - KONU TERİMİ
Konusal terim veya coğrafi ad Spain--Relations--Africa, North.
9 (RLIN) 81887
650 #0 - KONU BAŞLIĞI EK GİRİŞ - KONU TERİMİ
Konusal terim veya coğrafi ad Africa, North--History--1517-1882.
9 (RLIN) 81888
650 #0 - KONU BAŞLIĞI EK GİRİŞ - KONU TERİMİ
Konusal terim veya coğrafi ad Spain--History--House of Austria, 1516-1700.
9 (RLIN) 81889
650 #0 - KONU BAŞLIĞI EK GİRİŞ - KONU TERİMİ
Konusal terim veya coğrafi ad Western Mediterranean--History.
9 (RLIN) 81890
830 1# - SERİ EK GİRİŞİ - TEKBİÇİM ESER ADI
Tekbiçim Başlık Küre Yayınları ;
Volume number/sequential designation 71.
9 (RLIN) 52041
830 1# - SERİ EK GİRİŞİ - TEKBİÇİM ESER ADI
Tekbiçim Başlık Deniz Tarihi Araştırmaları ;
Volume number/sequential designation 2
9 (RLIN) 81891
942 ## - EK GİRİŞ ÖGELERİ (KOHA)
Source of classification or shelving scheme Library of Congress Classification
Koha item type Book
Holdings
Materyal Türü Kalıcı Konum Mevcut Konum Raf Yeri Sınıflandırma Kaynağı Edinim Bilgisi Ana Konular Alt Konular Yer Numarası Demirbaş Numarası Fatura Tarihi Maliyet, Alış Fiyatı Maliyet, Yenileme Fiyatı Geri Çekilme Durumu Kayıp Durumu Hasarlı Durumu Kredi için değil Kayıt Tarih Toplam Ödünçverme Son Görülme Tarihi Son Kontrol Tarihi Satın Alma Notu
Book Prof. Dr. Azmi Özcan Kütüphanesi Prof. Dr. Azmi Özcan Kütüphanesi Uluğbey Salonu Library of Congress Classification Satın DÜNYA TARİHİ (AVRUPA, ASYA, AFRİKA VB.) Afrika DT197.5.S7 H47 2010 0043917 24/09/2013 19.32 19.32         30/07/2013   05/12/2024 05/12/2024 73291-73383 (92 sayfa)